| 000 | 00504nam a22001697a 4500 | ||
|---|---|---|---|
| 999 |
_c8325 _d8325 |
||
| 008 | 201113b ||||| |||| 00| 0 eng d | ||
| 040 | _aBMS College of Architecture | ||
| 100 | _aHarinee, S | ||
| 245 | _aBeyond the curtains | ||
| 300 | _a44p. | ||
| 500 | _a1BM15AT027 | ||
| 502 |
_8B,Arch _NBMS College of Architecture, Visvesvaraya Technological University (VTU) _aProject report _d2019 |
||
| 650 | _aBeyond | ||
| 700 |
_aMaithili Velangi _eGuide |
||
| 700 |
_aPraveen Alva _eGuide |
||
| 942 |
_2ddc _cTHE |
||